Táctica de la moderna división de caballería (Record no. 77944)

MARC details
000 -LEADER
campo de control de longitud fija 00750nam a2200217 i 4500
001 - NÚMERO DE CONTROL
campo de control 77944
003 - IDENTIFICADOR DE NÚMERO DE CONTROL
campo de control ES-MaACL
005 - FECHA Y HORA DE LA ÚLTIMA TRANSACCIÓN
campo de control 20230906173451.0
007 - CAMPO FIJO DE DESCRIPCIÓN FÍSICA--INFORMACIÓN GENERAL
campo de control de longitud fija t|
008 - DATOS DE LONGITUD FIJA--INFORMACIÓN GENERAL
campo de control de longitud fija 041116s1932 sp ||||1| spa d
080 ## - NÚMERO DE LA CLASIFICACIÓN DECIMAL UNIVERSAL
Número de la Clasificación Decimal Universal 357:355.4
100 1# - ENTRADA PRINCIPAL--NOMBRE DE PERSONA
Nombre de persona Gascueña, Epifanio.
9 (RLIN) 55870
245 10 - MENCIÓN DEL TÍTULO
Título Táctica de la moderna división de caballería
Resto del título : (marchas, reposo, exploración y combate) /
Mención de responsabilidad, etc. por Epifanio Gascueña.
260 ## - PUBLICACIÓN, DISTRIBUCIÓN, ETC.
Lugar de publicación, distribución, etc. Toledo :
Nombre del editor, distribuidor, etc. [s.n.],
Fecha de publicación, distribución, etc. 1932 (
Fabricante Sebastián Rodríguez)
300 ## - DESCRIPCIÓN FÍSICA
Extensión 207, [8], IV p. ;
Dimensiones 19 cm.
490 1# - MENCIÓN DE SERIE
Mención de serie Colección Bibliográfica Militar ;
Designación de volumen o secuencia 49
650 14 - PUNTO DE ACCESO ADICIONAL DE MATERIA--TÉRMINO DE MATERIA
Término de materia o nombre geográfico como elemento de entrada Caballería-
Subdivisión general Táctica.
9 (RLIN) 10654
830 0# - PUNTO DE ACCESO ADICIONAL DE SERIE-TÍTULO UNIFORME
Título uniforme Colección Bibliográfica Militar ;
Designación de volumen o secuencia 49
9 (RLIN) 183564
852 ## - LOCALIZACIÓN
Ubicación ES-MaACL
Número de control de estantería E-10398
Sublocalización o colección R.133702
Holdings
Estatus retirado Estado de pérdida Estado de daño No para préstamo Biblioteca de origen Biblioteca actual Ubicación en estantería Fecha de adquisición Fuente de adquisición Total de préstamos Signatura topográfica completa Código de barras Visto por última vez Precio de reemplazo Tipo de ítem Koha
        Biblioteca del Ateneo de Madrid Biblioteca del Ateneo de Madrid Depósito 2 17/01/2008     E-10398 1081540 23/02/2023 23/02/2023 Libro impreso